| 000 | 01459nam a2200361 a 4500 | ||
|---|---|---|---|
| 001 | ebr10681188 | ||
| 003 | CaPaEBR | ||
| 006 | m u | ||
| 007 | cr cn||||||||| | ||
| 008 | 130410s2012 nyuad sb 001 0 eng d | ||
| 010 | _z 2012931078 | ||
| 020 | _z9781620810071 | ||
| 020 | _z9781620810118 (e-book) | ||
| 040 |
_aCaPaEBR _cCaPaEBR |
||
| 035 | _a(OCoLC)833385104 | ||
| 050 | 1 | 4 |
_aRD771.S3 _bS36 2012eb |
| 245 | 0 | 0 |
_aScoliosis _h[electronic resource] : _bcauses, symptoms and treatment / _cAbsolon Bessette and Coralie M. Rousseau, editors. |
| 260 |
_aNew York : _bNova Science Publishers, Inc., _c2012. |
||
| 300 |
_ax, 171 p. : _bill. (some col.). |
||
| 490 | 1 | _aHuman anatomy and physiology | |
| 490 | 1 | _aPhysiology-laboratory and clinical research | |
| 504 | _aIncludes bibliographical references and index. | ||
| 533 |
_aElectronic reproduction. _bPalo Alto, Calif. : _cebrary, _d2013. _nAvailable via World Wide Web. _nAccess may be limited to ebrary affiliated libraries. |
||
| 650 | 0 | _aScoliosis. | |
| 650 | 0 |
_aScoliosis _xTreatment. |
|
| 655 | 7 |
_aElectronic books. _2local |
|
| 700 | 1 | _aBessette, Absolon. | |
| 700 | 1 | _aRousseau, Coralie M. | |
| 710 | 2 | _aebrary, Inc. | |
| 830 | 0 | _aHuman anatomy and physiology series. | |
| 830 | 0 | _aPhysiology-laboratory and clinical research series. | |
| 856 | 4 | 0 |
_uhttp://site.ebrary.com/lib/rucke/Doc?id=10681188 _zAn electronic book accessible through the World Wide Web; click to view |
| 999 |
_c60412 _d60412 |
||